| 000 | 01183nji a22003017a 4500 | ||
|---|---|---|---|
| 005 | 20100915115027.0 | ||
| 006 | a|||||r|||||00| 0 | ||
| 007 | sd ammalaaahaa | ||
| 008 | 100830t xxu||||| |||| 00| 0 eng d | ||
| 028 |
_aTAE. 1122 _bOdeon |
||
| 035 | _aGR-02558 | ||
| 040 |
_aSED _cSED |
||
| 100 |
_917455 _aBhosle, Asha |
||
| 245 |
_aGumrah / _cby Asha Bhosle & Mahendra kapoor ; music Ravi ; lyrics Sahir luhianvi _h[sound recording] : |
||
| 246 | _aगुमराह (आशा भोसले & महेंद्र कपूर) | ||
| 260 |
_aIndia _bOdeon _c1963 |
||
| 300 |
_a1 sound disc [Gramophone Recording]: _banalog, 45 rpm _c7 in. (LP) _fGramophone Record |
||
| 500 | _aBrief Record | ||
| 500 | _aOdeon | ||
| 500 | _aBlack | ||
| 505 | _aSide-1 Tujhko mera pyaar pukaare (तुझको मेरा प्यार पुकारे), Side-2 Aa bhi jaa (आ भी जा) | ||
| 650 |
_aClassical music _zIndia _91186 _xExcerpts _vFilm song |
||
| 700 |
_918874 _akapoor, Mahendra |
||
| 700 |
_920130 _a Ravi |
||
| 700 |
_920131 _aSahir luhianvi |
||
| 942 |
_2ddc _cGR |
||
| 999 |
_c45884 _d45884 |
||